[Event "Women's Speed Chess Q5"]
[Site "chess.com INT"]
[Date "2020.06.22"]
[Round "9"]
[White "Nguyen, Thi Thanh An"]
[Black "Artemyeva, Olga"]
[Result "1-0"]
[WhiteTitle "WGM"]
[BlackTitle "WFM"]
[WhiteElo "2285"]
[BlackElo "2069"]
[WhiteFideId "12400300"]
[BlackFideId "4138422"]
[EventDate "2020.06.22"]

1. d4 Nf6 2. c4 e6 3. Nf3 Bb4+ 4. Bd2 Qe7 5. g3 Nc6 6. Bg2 Bxd2+ 7. Nbxd2 d6 8.
O-O a5 9. a3 O-O 10. Rc1 e5 11. dxe5 Nxe5 12. Qc2 Nc6 13. Nb1 Be6 14. Ng5 Bg4
15. e3 h6 16. Ne4 Nd7 17. Nbc3 Bf5 18. Qe2 Nde5 19. Nd5 Qd8 20. Rfd1 Bxe4 21.
Bxe4 Qc8 22. Bg2 Re8 23. f4 Nd7 24. e4 Nc5 25. b4 axb4 26. axb4 Ne6 27. Qb2 Ne7
28. Bh3 Qd8 29. c5 b5 30. cxd6 cxd6 31. Bxe6 fxe6 32. Nc7 Ra7 33. Nxe8 Qxe8 34.
Rxd6 Qf7 35. Rcd1 Kh7 36. Qe5 Ng6 37. Qxe6 Qxe6 38. Rxe6 Ra4 39. Rd4 Ra1+ 40.
Kg2 Ra2+ 41. Kf3 Rxh2 42. Rb6 Rc2 43. Rxb5 h5 44. Rd3 h4 45. gxh4 Nxh4+ 46. Kg4
Ng6 47. Rh3+ Kg8 48. Kf5 Ne7+ 49. Ke6 Ng6 50. Rb8+ Nf8+ 51. Rxf8+ Kxf8 52. Rh8# 1-0

[Event "Women's Speed Chess Q5"]
[Site "chess.com INT"]
[Date "2020.06.22"]
[Round "9"]
[White "Millard, Charlotte"]
[Black "Sharmin, Samiha Shimmi"]
[Result "0-1"]
[WhiteTitle "WCM"]
[BlackTitle "WCM"]
[WhiteElo "1252"]
[BlackElo "1812"]
[WhiteFideId "14320363"]
[BlackFideId "10203087"]
[EventDate "2020.06.22"]

1. e4 d5 2. exd5 Qxd5 3. Nc3 Qd6 4. d4 Nf6 5. h3 a6 6. Nf3 b5 7. Be3 Bb7 8. Be2
e6 9. O-O Be7 10. Qc1 O-O 11. Bf4 Qb6 12. Bg5 Nc6 13. Rd1 Nb4 14. a3 Nbd5 15.
Nxd5 Bxd5 16. Ne5 Rfd8 17. Bxf6 Bxf6 18. Nf3 a5 19. c3 a4 20. Qf4 c5 21. Rd2 c4
22. Ne5 Qb7 23. Bh5 Bxe5 24. dxe5 Bxg2 25. Rxd8+ Rxd8 26. f3 Bxh3 27. Kh2 Bf5
28. Rg1 g6 29. Qh6 Qd5 30. Qf4 Qd2+ 31. Qxd2 Rxd2+ 32. Kh1 Rxb2 33. Bg4 Bxg4 34.
Rxg4 Rb3 35. Rd4 Rxc3 36. Rd8+ Kg7 37. Rb8 Rxa3 38. Rxb5 Rxf3 39. Rb4 Re3 40.
Rxc4 Rxe5 41. Rxa4 h5 42. Kg2 Kf6 43. Kf3 g5 44. Kg2 Kf5 45. Kg3 h4+ 46. Kg2 Re4
47. Ra5+ Kf4 48. Ra7 f5 49. Ra6 e5 50. Kf2 h3 51. Kg1 Re3 52. Kf2 Rf3+ 53. Ke2
e4 54. Ke1 Kg3 55. Ra4 h2 56. Ra6 h1=Q+ 57. Kd2 Qg2+ 58. Kd1 Rf1# 0-1

[Event "Women's Speed Chess Q5"]
[Site "chess.com INT"]
[Date "2020.06.22"]
[Round "9"]
[White "Linares Napoles, Oleiny"]
[Black "Shukhman, Anna"]
[Result "0-1"]
[WhiteTitle "WGM"]
[BlackTitle "WCM"]
[WhiteElo "2215"]
[BlackElo "1866"]
[WhiteFideId "3504794"]
[BlackFideId "54180058"]
[EventDate "2020.06.22"]

1. c4 Nf6 2. Nc3 g6 3. g3 Bg7 4. Bg2 O-O 5. e4 d6 6. Nge2 e5 7. O-O Nc6 8. d3
Ne8 9. Be3 Nd4 10. f4 f5 11. exf5 Nxf5 12. Bf2 c6 13. fxe5 Bxe5 14. d4 Bg7 15.
Qd3 Nf6 16. h3 Ne7 17. Rae1 Bf5 18. Qd2 d5 19. g4 Be6 20. Nf4 Bf7 21. c5 Qd7 22.
Nd3 Rae8 23. Ne5 Qc8 24. Nxf7 Rxf7 25. Bg3 Qd7 26. Be5 Nc8 27. Re2 b6 28. b4 a5
29. a3 axb4 30. axb4 Qa7 31. Ref2 Ref8 32. Kh1 Ne8 33. Bxg7 Kxg7 34. Rxf7+ Rxf7
35. Re1 Nf6 36. Qg5 Qa3 37. Qd2 Qxb4 38. Rb1 Qa5 39. cxb6 Nxb6 40. g5 Nh5 41.
Kh2 Nc4 42. Qd3 Qc7+ 43. Kg1 Nf4 44. Qc2 Nxg2 45. Qxg2 Qf4 46. Ne2 Qe3+ 47. Kh1
Nd2 48. Qg4 Nxb1 49. Ng3 Qe1+ 0-1

[Event "Women's Speed Chess Q5"]
[Site "chess.com INT"]
[Date "2020.06.22"]
[Round "9"]
[White "Haussernot, Cecile"]
[Black "Mendoza, Shania Mae"]
[Result "1-0"]
[WhiteTitle "WIM"]
[BlackTitle "WFM"]
[WhiteElo "2171"]
[BlackElo "2158"]
[WhiteFideId "601632"]
[BlackFideId "5211158"]
[EventDate "2020.06.22"]

1. e4 c6 2. d4 d5 3. e5 c5 4. dxc5 Nc6 5. Nf3 Bg4 6. Bb5 e6 7. b4 a5 8. c3 axb4
9. cxb4 Qc7 10. Bb2 Ne7 11. O-O Ng6 12. Re1 Be7 13. h3 Bxf3 14. Qxf3 O-O 15.
Bxc6 bxc6 16. a4 Rfb8 17. Bc3 Rb7 18. Nd2 h6 19. Nb3 Bg5 20. Na5 Rbb8 21. g3 Be7
22. h4 d4 23. Bxd4 Rxb4 24. Nxc6 Rbxa4 25. Nxe7+ Nxe7 26. Qxa8+ Rxa8 27. Rxa8+
Kh7 28. Rb1 Nc6 29. Ba1 Nxe5 30. Rbb8 Nf3+ 31. Kg2 Ne1+ 32. Kf1 Qxc5 33. Kxe1
Qc1+ 34. Ke2 Qc2+ 35. Ke3 Kg6 36. g4 h5 37. gxh5+ Kxh5 38. Rh8+ Kg6 39. h5+ Kf5
40. Ra5+ Kg4 41. f3+ Kg3 42. Be5+ Kg2 43. Rb8 Qc1+ 44. Kd3 Qd1+ 45. Ke4 Qxf3+
46. Kd4 Qd1+ 47. Ke3 Qe1+ 48. Kf4 Qxa5 49. Rb2+ Kf1 50. Bd4 Qf5+ 51. Ke3 Qh3+
52. Kf4 Qh4+ 53. Ke3 Qg5+ 54. Kd3 Qf5+ 55. Ke3 e5 56. Bc5 Qf4+ 57. Kd3 e4+ 58.
Kc3 Qf3+ 59. Kd2 Qe3+ 60. Bxe3 Kg2 61. Bd4 Kf3 62. Bxg7 e3+ 63. Ke1 Kg4 64. h6 1-0

[Event "Women's Speed Chess Q5"]
[Site "chess.com INT"]
[Date "2020.06.22"]
[Round "9"]
[White "Goryachkina, Aleksandra"]
[Black "Muminova, Nafisa"]
[Result "1-0"]
[WhiteTitle "GM"]
[BlackTitle "WGM"]
[WhiteElo "2582"]
[BlackElo "2274"]
[WhiteFideId "4147103"]
[BlackFideId "14201526"]
[EventDate "2020.06.22"]

1. Nf3 e6 2. g3 Nf6 3. Bg2 Be7 4. O-O O-O 5. c4 d5 6. b3 d4 7. Bb2 c5 8. e3 Nc6
9. exd4 cxd4 10. Re1 Bc5 11. d3 Qd6 12. a3 a5 13. b4 axb4 14. axb4 Rxa1 15. bxc5
Rxb1 16. cxd6 Rxd1 17. Rxd1 e5 18. Nd2 Bf5 19. Nb3 Rd8 20. Ba3 Ra8 21. Bc5 Nd7
22. f4 f6 23. fxe5 fxe5 24. Bd5+ Kh8 25. Rd2 g6 26. Kg2 h5 27. h3 Kg7 28. Bf3
Rd8 29. g4 hxg4 30. hxg4 Be6 31. Kg3 g5 32. Ra2 Bf7 33. Be4 Nxc5 34. Nxc5 Rxd6
35. Nxb7 Rf6 36. Bxc6 Rxc6 37. Nd8 Rc7 38. Nxf7 Kxf7 39. Ra6 Rb7 40. Kf3 Rb1 41.
Ke4 Re1+ 42. Kf5 Ke7 43. Re6+ Kd7 44. Rxe5 Rf1+ 45. Kxg5 Kc6 46. Re4 Kc5 47. Rf4
Rd1 48. Rf3 Re1 49. Kf5 Re3 50. Kf4 Re8 51. g5 Kb4 52. g6 Kc3 53. Rg3 Rf8+ 54.
Ke5 Re8+ 55. Kd6 Rg8 56. g7 Kd2 57. Ke6 Kc3 58. Kf7 Rxg7+ 59. Kxg7 1-0

[Event "Women's Speed Chess Q5"]
[Site "chess.com INT"]
[Date "2020.06.22"]
[Round "9"]
[White "Narva, Regina"]
[Black "Nguyen, Thi Mai Hung"]
[Result "0-1"]
[WhiteTitle "WFM"]
[BlackTitle "WGM"]
[WhiteElo "1905"]
[BlackElo "2258"]
[WhiteFideId "4500237"]
[BlackFideId "12401676"]
[EventDate "2020.06.22"]

1. e4 e6 2. d4 d5 3. e5 c5 4. c3 Nc6 5. Nf3 Qb6 6. Be2 Bd7 7. O-O Nh6 8. Na3
cxd4 9. cxd4 Nf5 10. Nc2 Be7 11. b3 O-O 12. Bb2 Rac8 13. Ne3 Nxe3 14. fxe3 Nb4
15. Ne1 Bb5 16. Bxb5 Qxb5 17. Qg4 Nc2 18. Nxc2 Rxc2 19. Rf2 Rfc8 20. Raf1 Rxf2
21. Rxf2 Qd3 22. Qf3 f5 23. exf6 Bxf6 24. Qe2 Qb1+ 25. Rf1 Qxa2 26. e4 Bxd4+ 27.
Kh1 Qxb2 28. Qg4 Re8 29. exd5 Bf6 30. d6 Qxb3 31. h4 Qc3 32. d7 Rd8 33. Qxe6+
Kf8 34. Qd6+ Kf7 35. Qd5+ Ke7 36. Qe4+ Qe5 37. Qb4+ Kxd7 38. Rd1+ Ke8 39. Re1
Rd7 40. Rxe5+ Bxe5 41. Qe4 Re7 42. Qxh7 a6 43. Qg8+ Kd7 44. Qd5+ Ke8 45. Qg8+
Kd7 46. Qd5+ Kc8 47. h5 Bf6 48. g4 Rd7 49. Qe6 Kc7 50. Qf5 Rd1+ 51. Kg2 Rd2+ 52.
Kf3 Rd3+ 0-1

[Event "Women's Speed Chess Q5"]
[Site "chess.com INT"]
[Date "2020.06.22"]
[Round "9"]
[White "Nandhidhaa, P V"]
[Black "Potapova, Margarita"]
[Result "0-1"]
[WhiteTitle "WGM"]
[BlackTitle "WIM"]
[WhiteElo "2365"]
[BlackElo "2270"]
[WhiteFideId "5050847"]
[BlackFideId "14126869"]
[EventDate "2020.06.22"]

1. e4 c5 2. Nf3 d6 3. d4 cxd4 4. Nxd4 Nf6 5. Bc4 a6 6. O-O e6 7. Bd3 Be7 8. c4
O-O 9. Nc3 Nc6 10. Nxc6 bxc6 11. b3 e5 12. h3 Be6 13. Be3 a5 14. Qd2 h6 15. Rfd1
Qc8 16. Rac1 Rd8 17. Qe2 Bf8 18. Qf3 Nd7 19. Qg3 Kh8 20. Ne2 Qc7 21. f4 exf4 22.
Nxf4 Ne5 23. Nxe6 fxe6 24. Bd4 Be7 25. c5 Bf6 26. Be2 dxc5 27. Bxc5 a4 28. b4
Rxd1+ 29. Rxd1 Rd8 30. a3 Rxd1+ 31. Bxd1 Qd7 32. Bxa4 Qd2 33. Qf2 Qc1+ 34. Kh2
Qxa3 35. Bc2 Qb2 36. Bd4 Qxb4 37. Bxe5 Bxe5+ 38. g3 Qe7 39. Kg2 Kg8 40. Qd2 Qf7
41. Qd3 Kh7 42. Bb3 Qf6 43. Qf3 Qg5 44. Qe2 Qxg3+ 45. Kf1 Qxb3 46. Kg2 Qg3+ 47.
Kf1 Qxh3+ 48. Qg2 Qxg2+ 49. Kxg2 c5 50. Kf3 c4 51. Ke2 c3 52. Kd3 Kg6 53. Kc2
Kf6 54. Kd3 h5 55. Kc2 h4 56. Kb3 h3 57. Kc4 h2 58. Kb5 h1=Q 59. Kc6 Qxe4+ 60.
Kd7 Qd5+ 61. Ke8 Qa8+ 62. Kd7 Qb7+ 63. Ke8 Qe7# 0-1

[Event "Women's Speed Chess Q5"]
[Site "chess.com INT"]
[Date "2020.06.22"]
[Round "9"]
[White "Foisor, Sabina-Francesca"]
[Black "Priyanka, K"]
[Result "1-0"]
[WhiteTitle "WGM"]
[BlackTitle "WIM"]
[WhiteElo "2228"]
[BlackElo "2218"]
[WhiteFideId "1212915"]
[BlackFideId "5082986"]
[EventDate "2020.06.22"]

1. d4 Nf6 2. c4 g6 3. Nf3 Bg7 4. g3 d6 5. Bg2 O-O 6. O-O c6 7. Nc3 Bf5 8. Re1 d5
9. cxd5 cxd5 10. Qb3 b6 11. Bg5 Be4 12. Bxf6 Bxf6 13. Nxe4 dxe4 14. Nd2 Nc6 15.
e3 Na5 16. Qc2 Rc8 17. Qxe4 e5 18. d5 Bg7 19. Qa4 f5 20. e4 fxe4 21. Qxe4 Qf6
22. Rf1 Nb7 23. Qe2 Nd6 24. Ne4 Nxe4 25. Qxe4 Rfd8 26. Rad1 Rd6 27. b3 Rcd8 28.
h4 Qf5 29. Rfe1 Qxe4 30. Bxe4 Kf7 31. Rc1 Ke7 32. f3 Bh6 33. Rc2 Kd7 34. Kf2 Rc8
35. Ree2 Rxc2 36. Rxc2 Kd8 37. Ke2 Rd7 38. Kd3 Rb7 39. Rc6 Kd7 40. a4 Rc7 41.
Kc4 Be3 42. g4 a5 43. h5 Rxc6+ 44. dxc6+ Kc7 45. hxg6 hxg6 46. Kd5 g5 47. Kxe5
Bf4+ 48. Kf5 Kd6 49. Kf6 Be5+ 50. Kxg5 Bd4 51. f4 Be3 52. Kf5 Kc7 53. g5 Kd6 54.
g6 Bd4 55. Kg5 Bg7 56. f5 Ke7 57. Bd5 Bf6+ 58. Kh6 Be5 59. Kh7 Kf8 60. Be6 Bf6
61. c7 1-0

[Event "Women's Speed Chess Q5"]
[Site "chess.com INT"]
[Date "2020.06.22"]
[Round "9"]
[White "Mkrtchian, Lilit"]
[Black "Cyfka, Karina"]
[Result "0-1"]
[WhiteTitle "IM"]
[BlackTitle "IM"]
[WhiteElo "2388"]
[BlackElo "2411"]
[WhiteFideId "13300601"]
[BlackFideId "1122681"]
[EventDate "2020.06.22"]

1. d4 d6 2. e4 Nf6 3. Nc3 Nc6 4. h3 e5 5. Nge2 g6 6. g3 Bg7 7. Be3 O-O 8. Bg2
exd4 9. Nxd4 Ne5 10. O-O Nc4 11. Bc1 Nd7 12. Nde2 Nde5 13. b3 Nb6 14. Be3 Bd7
15. Qd2 Bxh3 16. f4 Bxg2 17. Kxg2 Ng4 18. Bd4 Bxd4 19. Nxd4 Qe7 20. Rae1 Rae8
21. f5 Nd7 22. Nd5 Qd8 23. Qf4 Nde5 24. f6 c6 25. Ne3 h5 26. Ndf5 Qxf6 27. Nh6+
Kg7 28. Nhxg4 Qxf4 29. gxf4 Nxg4 30. Nc4 d5 31. Nd6 Re7 32. e5 f6 33. e6 f5 34.
Kg3 Kf6 35. Re2 b6 36. Rfe1 Rh8 37. Nf7 h4+ 38. Kh3 Rh7 39. Ng5 Rh5 40. c4 d4
41. b4 c5 42. bxc5 bxc5 43. Rb2 Rxg5 44. fxg5+ Kxg5 45. Rb8 Nf2+ 46. Kg2 Nd3 47.
Rd1 Nf4+ 48. Kf3 Rxe6 49. Rg1+ Kf6 50. Kxf4 Re4+ 51. Kf3 g5 52. Rd8 Re3+ 53. Kf2
g4 54. Rd6+ Kg5 55. Rd5 Kf4 56. Rb1 g3+ 57. Kg2 Kg4 58. Kg1 h3 59. Rd8 h2+ 60.
Kh1 f4 61. Rg8+ Kf3 62. Rf1+ Ke4 63. Re8+ Kd3 64. Rf8 Re2 0-1

[Event "Women's Speed Chess Q5"]
[Site "chess.com INT"]
[Date "2020.06.22"]
[Round "9"]
[White "De Seroux, Camille"]
[Black "Mohota, Nisha"]
[Result "1-0"]
[WhiteTitle "WIM"]
[BlackTitle "IM"]
[WhiteElo "2137"]
[BlackElo "2195"]
[WhiteFideId "1305620"]
[BlackFideId "5004330"]
[EventDate "2020.06.22"]

1. e4 Nf6 2. e5 Nd5 3. c4 Nb6 4. d4 d6 5. exd6 cxd6 6. Nc3 g6 7. Be3 Bg7 8. Rc1
O-O 9. b3 Bf5 10. Nf3 d5 11. c5 Nc8 12. Be2 Nc6 13. O-O e6 14. a3 Bg4 15. b4 a6
16. h3 Bxf3 17. Bxf3 N8e7 18. Na4 Nf5 19. Nb6 Rb8 20. Bf4 Bxd4 21. Bxb8 Nxb8 22.
g4 Qg5 23. Bg2 Ng3 24. Rc2 Nc6 25. Qd2 Qxd2 26. Rxd2 Nxf1 27. Kxf1 Bc3 28. Rc2
Bf6 29. Nd7 Kg7 30. Nxf8 Kxf8 31. f4 Bd4 32. f5 Ke7 33. Re2 Bc3 34. Bxd5 Nd4 35.
Re4 gxf5 36. gxf5 Nxf5 37. Kg2 a5 38. Bxb7 axb4 39. axb4 Kd7 40. c6+ Kc7 41. b5
Kb6 42. Ba6 Kc7 43. Kf3 Bf6 44. Re1 Nd4+ 45. Ke4 Bg7 46. Rb1 f5+ 47. Kd3 e5 48.
Bb7 1-0

[Event "Women's Speed Chess Q5"]
[Site "chess.com INT"]
[Date "2020.06.22"]
[Round "9"]
[White "Ovezdurdiyeva, Jemal"]
[Black "Munkhzul, Davaakhuu"]
[Result "1-0"]
[WhiteTitle "WFM"]
[BlackTitle "WFM"]
[WhiteElo "2061"]
[BlackElo "1991"]
[WhiteFideId "14001888"]
[BlackFideId "4902815"]
[EventDate "2020.06.22"]

1. d4 d5 2. c4 e6 3. Nc3 a6 4. cxd5 exd5 5. Bf4 Nf6 6. e3 Be6 7. Bd3 Bd6 8. Nge2
O-O 9. O-O Qe7 10. Qc2 Nbd7 11. Rae1 c6 12. f3 Bxf4 13. Nxf4 Qd6 14. Qd2 Rfe8
15. Bb1 Rad8 16. Qd3 Nb6 17. b3 g6 18. Nce2 Bf5 19. Qc3 Bxb1 20. Rxb1 Qe7 21.
Kf2 g5 22. Nh3 g4 23. Nhf4 Kh8 24. Ng3 gxf3 25. gxf3 Nc8 26. Nf5 Qd7 27. Nh6 Nd6
28. Qd3 Kg7 29. Ng4 Nxg4+ 30. fxg4 Ne4+ 31. Kf3 Ng5+ 32. Kg3 Qe7 33. Rbe1 Qe4
34. Qxe4 Rxe4 35. Nh5+ Kf8 36. h4 Ne6 37. Kh3 Ng7 38. Nf6 Re6 39. Nxh7+ Kg8 40.
Ng5 Re7 41. Rf3 Ne6 42. Rf5 Rde8 43. Kg3 Nxg5 44. Rxg5+ Kf8 45. Kf3 a5 46. Rf5
Re6 47. Rf4 Ke7 48. e4 Kd7 49. Re3 dxe4+ 50. Rfxe4 b5 51. Rxe6 fxe6 52. h5 Rf8+
53. Ke4 a4 54. bxa4 bxa4 55. Ra3 Rg8 56. Kf4 Rf8+ 57. Kg3 Kd6 58. Rxa4 Kd5 59.
Kh4 Rf1 60. h6 Rh1+ 61. Kg5 e5 62. dxe5 Kxe5 63. Kg6 c5 64. g5 Kd5 65. Ra8 c4
66. h7 Kc5 67. h8=Q Rxh8 68. Rxh8 Kb4 69. Rc8 1-0

[Event "Women's Speed Chess Q5"]
[Site "chess.com INT"]
[Date "2020.06.22"]
[Round "9"]
[White "Kaya, Emel"]
[Black "Shvedova, Alexandra"]
[Result "0-1"]
[WhiteTitle "WCM"]
[BlackTitle "WFM"]
[WhiteElo "1912"]
[BlackElo "1994"]
[WhiteFideId "6306411"]
[BlackFideId "54154782"]
[EventDate "2020.06.22"]

1. e4 e5 2. Nf3 Nc6 3. Bc4 Bc5 4. c3 Nf6 5. d4 exd4 6. e5 d5 7. Bb5 Ne4 8. cxd4
Bb6 9. Nc3 O-O 10. Be3 Bg4 11. Be2 f6 12. Qb3 Nxc3 13. bxc3 fxe5 14. dxe5 Bxe3
15. fxe3 Bxf3 16. Bxf3 Nxe5 17. Qxd5+ Qxd5 18. Bxd5+ Kh8 19. Bxb7 Rab8 20. Be4
Ng4 21. Bf3 Nxe3 22. Kf2 Nd5 23. c4 Rb2+ 24. Kg3 Ne3 25. c5 Nf5+ 26. Kh3 g5 27.
Rhb1 Rc2 28. Rc1 Rf2 29. Rf1 Rxf1 30. Rxf1 Ne3 31. Re1 Re8 32. Re2 Kg7 33. g3
Kg6 34. Bc6 Re6 35. Bd7 Re7 36. c6 h5 37. g4 hxg4+ 38. Bxg4 Rh7+ 39. Kg3 Nf1+
40. Kg2 Nxh2 41. Re6+ Kf7 42. Bf5 Rh4 43. Re2 Ng4 44. Bxg4 Rxg4+ 45. Kf3 Rc4 46.
Rb2 Rxc6 47. Kg4 Kg6 48. Rb7 Rc4+ 49. Kg3 a5 50. a4 Rxa4 51. Rxc7 Rb4 52. Ra7 a4
53. Kh3 Kh5 54. Rh7+ Kg6 55. Ra7 Kf5 56. Ra5+ Kf4 57. Kg2 g4 58. Ra8 Rb2+ 59.
Kf1 Kf3 60. Rxa4 Rb1# 0-1

[Event "Women's Speed Chess Q5"]
[Site "chess.com INT"]
[Date "2020.06.22"]
[Round "9"]
[White "Nurmanova, Alua"]
[Black "Dauletova, Gulmira"]
[Result "0-1"]
[WhiteTitle "WFM"]
[BlackTitle "WIM"]
[WhiteElo "2026"]
[BlackElo "2319"]
[WhiteFideId "13729390"]
[BlackFideId "13702971"]
[EventDate "2020.06.22"]

1. e4 e5 2. Nf3 Nc6 3. Bb5 a6 4. Ba4 Nf6 5. Qe2 Bd6 6. c3 O-O 7. h3 Re8 8. d3 b5
9. Bb3 Bb7 10. Nbd2 Na5 11. Bc2 c5 12. Nf1 Nh5 13. Bg5 Qb6 14. g4 Nf4 15. Bxf4
exf4 16. g5 Bc7 17. N3d2 d5 18. O-O-O b4 19. c4 dxe4 20. dxe4 Rad8 21. Nh2 Nc6
22. Ndf3 Nd4 23. Nxd4 cxd4 24. f3 a5 25. Kb1 Bc6 26. h4 a4 27. Bd3 b3 28. a3 Bd6
29. h5 Qa5 30. Ng4 Qxg5 31. h6 g6 32. Rdg1 Qe7 33. Qg2 Be5 34. Rh5 Qd6 35. Nxe5
Rxe5 36. Rxe5 Qxe5 37. Qg4 Re8 38. Re1 Qd6 39. Kc1 Qe5 40. Kb1 Bd7 41. Qg2 Be6
42. Qf2 Rc8 43. Qf1 Qg5 44. Rc1 Qxh6 45. e5 Qg5 46. Qe2 Rc5 47. Qe4 Qxe5 48.
Qa8+ Rc8 49. Qe4 Qxe4 50. fxe4 g5 51. c5 f3 52. c6 Rc7 53. Rg1 g4 54. Rc1 g3 55.
e5 Bd5 56. Bf5 f2 57. Bh3 g2 58. Bxg2 Bxg2 59. e6 fxe6 0-1

[Event "Women's Speed Chess Q5"]
[Site "chess.com INT"]
[Date "2020.06.22"]
[Round "9"]
[White "Tian, Shi Yuan"]
[Black "Tarleva, Vira"]
[Result "0-1"]
[WhiteTitle "WFM"]
[BlackTitle "WFM"]
[WhiteElo "1868"]
[BlackElo "2030"]
[WhiteFideId "2623960"]
[BlackFideId "14116693"]
[EventDate "2020.06.22"]

1. e4 c5 2. Nf3 d6 3. Bb5+ Bd7 4. Bxd7+ Nxd7 5. O-O Ngf6 6. Re1 e6 7. d3 Be7 8.
c3 O-O 9. Na3 a6 10. Nc2 Rc8 11. h3 Qc7 12. Bf4 b5 13. Rc1 Qb7 14. Qe2 Rfe8 15.
Bh2 Nb6 16. e5 dxe5 17. Nxe5 Bf8 18. d4 c4 19. Ne3 Nbd5 20. N3g4 Nxg4 21. hxg4
f6 22. Nf3 a5 23. g5 b4 24. gxf6 Nxf6 25. Ne5 Qd5 26. cxb4 Bxb4 27. Red1 c3 28.
bxc3 Bxc3 29. Rd3 Bxd4 30. Rcd1 Bxf2+ 31. Qxf2 Qb7 32. Bf4 Nd5 33. Qg3 Rf8 34.
Bh6 Rc2 35. Rxd5 exd5 36. Rxd5 Rc7 37. Kh2 Qxd5 38. Ng4 Qh5+ 39. Kg1 Rc1+ 40.
Bxc1 Rc8 41. Qb3+ Kh8 42. Qb7 Rxc1+ 43. Kf2 Rc2+ 44. Kg3 Rc3+ 45. Kf2 Qf5+ 46.
Kg1 Qc5+ 47. Kh2 Qc7+ 48. Qxc7 Rxc7 49. Ne5 Rc2 50. a4 Ra2 51. Nc6 Rxa4 52. Kg3
Ra1 53. Kf3 a4 54. Ke3 a3 55. Nb4 a2 56. Kd3 Rd1+ 57. Kc2 a1=Q 58. Kb3 Qb1+ 59.
Kc4 Rc1+ 60. Kb5 Rc2 61. g3 Rb2 62. Kc5 Rxb4 63. g4 Rxg4 64. Kd6 Qb5 65. Kc7 Rg6
66. Kd8 Ra6 67. Kc7 Ra7+ 68. Kc8 Qb7+ 69. Kd8 Qb8# 0-1

[Event "Women's Speed Chess Q5"]
[Site "chess.com INT"]
[Date "2020.06.22"]
[Round "9"]
[White "Dwilewicz, Katarzyna"]
[Black "Ziegenfuss, Antonia"]
[Result "1-0"]
[WhiteTitle "WFM"]
[BlackTitle "WFM"]
[WhiteElo "2120"]
[BlackElo "2101"]
[WhiteFideId "1148486"]
[BlackFideId "12962554"]
[EventDate "2020.06.22"]

1. e4 c5 2. Nf3 e6 3. d4 cxd4 4. Nxd4 Nf6 5. Nc3 Nc6 6. Ndb5 Bc5 7. Bf4 O-O 8.
Bd6 Qb6 9. Bxc5 Qxc5 10. Qd6 Qb6 11. Qc7 d5 12. Qxb6 axb6 13. exd5 exd5 14.
O-O-O Be6 15. Nc7 Ra5 16. Nxe6 fxe6 17. f3 d4 18. Nb1 Rxa2 19. Bc4 Ra1 20. Bxe6+
Kh8 21. Kd2 Rd8 22. Na3 Rxd1+ 23. Rxd1 Rd6 24. Bf5 g6 25. Bd3 Ne5 26. Re1 Nfd7
27. Bb5 Kg7 28. f4 Nf7 29. Re7 Nc5 30. Nc4 Rf6 31. g3 Re6 32. Rxe6 Nxe6 33. Bd7
Nc5 34. Bg4 h5 35. Bf3 g5 36. Nxb6 gxf4 37. gxf4 h4 38. Nd5 Nd6 39. b4 Nc4+ 40.
Kd1 Nd7 41. Nc7 b5 42. Ne6+ Kf6 43. Bd5 d3 44. cxd3 Nb2+ 45. Kc2 Na4 46. Bb3
Ndb6 47. Nc5 Nxc5 48. bxc5 Nc8 49. d4 Kf5 50. d5 Kxf4 51. d6 Ke5 52. Kd3 Kf6 53.
Ke4 Na7 54. Kd5 Kf7 55. c6 Ke8 56. Kc5 Kd8 57. c7+ Kd7 58. Bc2 b4 59. Bf5+ Ke8
60. c8=Q+ Nxc8 61. Bxc8 Kd8 62. Be6 b3 63. Bxb3 h3 64. Kd5 Kd7 65. Bd1 Kd8 66.
Bg4 Ke8 67. Bxh3 Kd8 68. Be6 Ke8 69. h4 Kd8 1-0

[Event "Women's Speed Chess Q5"]
[Site "chess.com INT"]
[Date "2020.06.22"]
[Round "9"]
[White "Arabidze, Meri"]
[Black "Voit, Daria"]
[Result "1/2-1/2"]
[WhiteTitle "IM"]
[BlackTitle "WGM"]
[WhiteElo "2428"]
[BlackElo "2343"]
[WhiteFideId "13604040"]
[BlackFideId "4182146"]
[EventDate "2020.06.22"]

1. d4 Nf6 2. c4 e6 3. Nf3 b6 4. Nc3 Bb7 5. e3 Bb4 6. Bd3 O-O 7. O-O d6 8. Bd2
Bxc3 9. Bxc3 Ne4 10. Be1 Nd7 11. Nd2 Nxd2 12. Bxd2 f5 13. f3 c5 14. Bc3 Qg5 15.
Qe2 Rad8 16. Rad1 h6 17. b3 Nf6 18. Bc2 Kh8 19. a3 Rd7 20. dxc5 dxc5 21. Rxd7
Nxd7 22. Rd1 Rd8 23. e4 fxe4 24. Bxe4 Bxe4 25. Qxe4 Nf8 26. Rxd8 Qxd8 27. Qe5
Qd7 28. h3 Kg8 29. Kh2 Nh7 30. Qb8+ Kf7 31. Qf4+ Kg8 32. b4 cxb4 33. axb4 Nf8
34. c5 bxc5 35. bxc5 Ng6 36. Qb8+ Kh7 37. Qg3 Qc6 38. Bd4 Qd5 39. Qd6 a5 40.
Qxd5 exd5 41. c6 Ne7 42. c7 Kg6 43. Kg3 Kf7 44. Kf4 Ke6 45. Bc5 Nc8 46. g4 g6
47. h4 a4 48. Ba3 Nb6 49. h5 g5+ 50. Ke3 Kd7 51. Kd4 Nc4 52. Bf8 a3 53. Bxa3
Nxa3 54. Kxd5 Nb5 55. Ke5 Kxc7 56. Kf6 Nd4 57. Kg6 Nxf3 58. Kxh6 Kd7 59. Kg6 Ke7
60. Kg7 Ne5 61. h6 Nf7 62. h7 Ke6 63. Kg6 Ke7 64. h8=Q Nxh8+ 65. Kxg5 Kf7 66.
Kf5 Kg7 67. g5 Ng6 68. Kg4 Nh8 69. Kf5 Ng6 70. Kg4 Nh8 71. Kf5 1/2-1/2

[Event "Women's Speed Chess Q5"]
[Site "chess.com INT"]
[Date "2020.06.22"]
[Round "9"]
[White "Sihite, Chelsie Monica Ignesias"]
[Black "Danielian, Elina"]
[Result "0-1"]
[WhiteTitle "WIM"]
[BlackTitle "GM"]
[WhiteElo "2252"]
[BlackElo "2407"]
[WhiteFideId "7101198"]
[BlackFideId "13300210"]
[EventDate "2020.06.22"]

1. c4 e6 2. Nc3 d5 3. cxd5 exd5 4. Nf3 Nf6 5. d3 c6 6. g3 Bd6 7. Bg2 O-O 8. O-O
Re8 9. Re1 Bg4 10. h3 Bxf3 11. Bxf3 Nbd7 12. Bg2 Qb6 13. d4 h6 14. b3 a5 15. Na4
Qc7 16. Bd2 Ne4 17. e3 Ndf6 18. Re2 Re7 19. Rc1 Rae8 20. Be1 Ba3 21. Rcc2 Bb4
22. Nb2 Bxe1 23. Qxe1 Nd6 24. Nd3 Qb6 25. Nc5 Nd7 26. Na4 Qb4 27. Nc3 Nf5 28.
Kh2 Nf6 29. g4 Nxd4 30. exd4 Rxe2 31. Rxe2 Rxe2 32. Qxe2 Qxc3 33. Qe5 Qd2 34. f4
Ne4 35. g5 hxg5 36. fxg5 Qxg5 37. Qe8+ Kh7 38. Bxe4+ dxe4 39. Qxe4+ f5 40. Qe5
Qd2+ 41. Kg3 Qg5+ 42. Kf3 Qh5+ 43. Kg2 Qg6+ 44. Kf3 Qg5 45. Qc7 Qh5+ 46. Kg2
Qe2+ 47. Kg3 Qe3+ 48. Kg2 Qxd4 49. Qxb7 Qb2+ 50. Kg3 Qxa2 51. Qxc6 Qxb3+ 52. Kg2
a4 53. Qc5 Qb2+ 54. Kg3 Qb1 55. Qe5 Qe4 56. Qd6 Qe3+ 57. Kg2 a3 58. Qd1 Qe4+ 59.
Kh2 Qf4+ 60. Kg2 Qg5+ 61. Kh2 a2 62. Qa1 Qf4+ 63. Kg2 Qd2+ 64. Kg3 Qd6+ 65. Kh4
Qb4+ 66. Kg3 Qb1 67. Qe5 a1=Q 68. Qf4 Qg1+ 69. Kh4 g5+ 0-1

[Event "Women's Speed Chess Q5"]
[Site "chess.com INT"]
[Date "2020.06.22"]
[Round "9"]
[White "Babiy, Olga"]
[Black "Mahalakshmi, M"]
[Result "0-1"]
[WhiteTitle "WGM"]
[BlackTitle "WIM"]
[WhiteElo "2228"]
[BlackElo "2253"]
[WhiteFideId "14117258"]
[BlackFideId "5001080"]
[EventDate "2020.06.22"]

1. e4 c6 2. Nc3 d5 3. Nf3 dxe4 4. Nxe4 Nf6 5. Qe2 Bf5 6. Nxf6+ gxf6 7. d3 Nd7 8.
g3 Ne5 9. Bg2 Bg4 10. h3 Bxf3 11. Bxf3 Nxf3+ 12. Qxf3 Qd5 13. Qe4 f5 14. Qxd5
cxd5 15. Be3 Bg7 16. O-O-O Kd7 17. f4 h5 18. h4 Bf6 19. Rhe1 a6 20. Kb1 Rac8 21.
Bf2 e6 22. c4 d4 23. b4 b5 24. c5 a5 25. a3 axb4 26. axb4 Ra8 27. Re2 Ra4 28.
Be1 Rha8 29. Rb2 Kc6 30. Kc2 Ra2 31. Rb1 R8a3 32. Rxa2 Rxa2+ 33. Rb2 Rxb2+ 34.
Kxb2 e5 35. fxe5 Bxe5 36. Bf2 Kd5 37. Kc2 f4 38. gxf4 Bxf4 39. Kd1 f5 40. Ke2
Bc1 41. Be1 Bb2 42. Kf3 Bc3 43. Bf2 Bxb4 44. c6 Kxc6 45. Bxd4 Bd6 46. Bb2 b4 47.
Bf6 Kb5 48. Bb2 Ka4 49. Ke3 Kb3 50. Bf6 Kc2 51. d4 b3 52. Be5 Bxe5 53. dxe5 b2
54. Kf4 b1=Q 55. Kxf5 Qh1 56. Kg5 Qe4 57. Kxh5 Qxe5+ 58. Kg6 Qh8 59. h5 Kd3 60.
h6 Ke4 61. h7 Ke5 62. Kh6 Kf5 0-1